000 00562nam a2200241 a 4500
001 nice12345678
003 IN_TiNIC
005 20260116012516.0
008 050524s1982 dela grp 000 0 urd
020 _a
_c10
082 0 0 _a297.63
_bJAH
100 _aGhais, Jheelami
245 _aGULDASTA-I-NABAWI
260 _aDelhi
_bMaktaba Alhasnat
_c1982
300 _a188p
500 _aincludes index and biblioraphy
505 2 _aIndex
650 _aMuhammad, Prophet
700 1 _aGhais, Jheelami
902 _bSRS
942 _cBK
999 _c7288
_d7288